000 00935nam a2200289 i 4500
003 CO-BoRNBP
005 20240925081533.0
007 ta
008 240925s2018 ck a|||| |||| 00| 0 spa d
020 _a9789580714996
040 _aCO-BoRNBP
_bspa
_cCO-BoRNBP
_erda
041 _aspa
084 _aC CAR
100 _aCarhuatocto, Jose
_eautor
_942289
245 _aMis Cuentos Ecológicos
_cJose Carhuatocto; Edición y arte, Gisella Sánche; Diseño, Astrid Sarmiento
250 _aPrimera edición
264 1 _aGuarne
_bSusaeta
_c2018
264 4 _c©2018
300 _a95 páginas
_bilustraciones a color
_c25 cm
336 _2rdacontenido
_atexto
_btxt
337 _2rdamedio
_asin mediación
_bn
338 _2rdasoporte
_avolumen
_bnc
650 1 7 _2ARMARC
_aCuentos infantiles
_vSiglo XXI
_942290
650 1 7 _2ARMARC
_aEcología
_vCuentos
_942291
650 1 7 _2ARMARC
_aLibros ilustrados para niños
_92001
942 _2ddc
_cBKINF
999 _c38324
_d38324